[Event "Bavaria-ch 94th"]
[Site "Rosenheim"]
[Date "2023.08.22"]
[Round "3"]
[White "Moenius, Alexander"]
[Black "Schulz, Lukas"]
[Result "1/2-1/2"]
[WhiteElo "1909"]
[BlackElo "2347"]
[PlyCount "59"]
[EventDate "2023.08.20"]
[EventType "tourn"]
[EventRounds "9"]
[EventCountry "GER"]
[SourceTitle "CBM 215 Extra"]
[Source "ChessBase"]
[SourceDate "2023.09.30"]
[SourceVersion "1"]
[SourceVersionDate "2023.09.30"]
[SourceQuality "1"]

1. d4 Nf6 2. c4 g6 3. Nc3 Bg7 4. e4 d6 5. Nf3 0-0 6. Be2 e5 7. Be3 Nbd7 8. 0-0 c6 9. d5 Qe7 10. b4 cxd5 11. cxd5 Ne8 12. Nd2 f5 13. f3 Ndf6 14. Nb5 a6 15. Nc3 h5 16. Na4 fxe4 17. fxe4 Ng4 18. Rxf8+ Qxf8 19. Bxg4 Bxg4 20. Qf1 Qxf1+ 21. Kxf1 Rc8 22. Nb6 Rc3 23. Ndc4 Rc2 24. Bd2 Nf6 25. Re1 Nd7 26. Bg5 Nxb6 27. Nxb6 h4 28. h3 Bh5 29. Bxh4 Bh6 30. g4 1/2-1/2

[Event "Bavaria-ch 94th"]
[Site "Rosenheim"]
[Date "2023.08.21"]
[Round "2"]
[White "Stoettner, Lukas"]
[Black "Schulz, Lukas"]
[Result "1-0"]
[WhiteElo "2066"]
[BlackElo "2347"]
[PlyCount "81"]
[EventDate "2023.08.20"]
[EventType "tourn"]
[EventRounds "9"]
[EventCountry "GER"]
[SourceTitle "CBM 215 Extra"]
[Source "ChessBase"]
[SourceDate "2023.09.30"]
[SourceVersion "1"]
[SourceVersionDate "2023.09.30"]
[SourceQuality "1"]

1. e4 c5 2. Nf3 Nc6 3. d4 cxd4 4. Nxd4 Nf6 5. Nc3 e5 6. Ndb5 d6 7. Nd5 Nxd5 8. exd5 Nb8 9. a4 Be7 10. Be2 0-0 11. Bd2 Nd7 12. a5 Nf6 13. Bb4 a6 14. Na3 b5 15. c4 Bb7 16. 0-0 bxc4 17. Bxc4 Qd7 18. Nc2 Rfc8 19. b3 Rab8 20. Ne3 Ne8 21. Bc3 Bg5 22. Qh5 h6 23. Rad1 Nc7 24. g3 g6 25. Qe2 f5 26. f4 exf4 27. gxf4 Be7 28. Nxf5 Bf8 29. Nh4 Bg7 30. Bxg7 Qxg7 31. f5 Re8 32. Qg2 g5 33. f6 Qf7 34. Ng6 Re3 35. Ne7+ Kh8 36. Qf2 Re5 37. Qa7 Rf8 38. Qxb7 Qh5 39. Rd4 Qh3 40. Ng6+ Kg8 41. Qxc7 1-0

[Event "GER-ch 94th"]
[Site "Ostfildern"]
[Date "2023.08.20"]
[Round "9"]
[White "Nemitz, Alfred"]
[Black "Schulz, Lukas"]
[Result "1/2-1/2"]
[WhiteElo "2228"]
[BlackElo "2347"]
[PlyCount "80"]
[EventDate "2023.08.14"]
[EventType "swiss"]
[EventRounds "9"]
[EventCountry "GER"]
[SourceTitle "CBM 215 Extra"]
[Source "ChessBase"]
[SourceDate "2023.09.30"]
[SourceVersion "1"]
[SourceVersionDate "2023.09.30"]
[SourceQuality "1"]

1. d4 Nf6 2. Nf3 g6 3. Bg5 Bg7 4. Nbd2 0-0 5. c3 d6 6. e4 h6 7. Bxf6 Bxf6 8. Bc4 e5 9. dxe5 dxe5 10. 0-0 Qe7 11. Re1 Bg7 12. Qc2 Nd7 13. a4 Kh8 14. a5 c6 15. Nf1 Nf6 16. Ne3 Nh5 17. Bf1 f5 18. exf5 gxf5 19. g3 e4 20. Nh4 Qg5 21. Neg2 Be6 22. Be2 Be5 23. f4 Nxf4 24. gxf4 Bxf4 25. Kh1 Be5 26. Rg1 Rg8 27. Qc1 f4 28. Qe1 Qf6 29. Rf1 Raf8 30. Ra4 Bd5 31. c4 Be6 32. Bd1 f3 33. Bxf3 exf3 34. Rxf3 Qg5 35. Re3 Bd4 36. Rxe6 Bf2 37. Qe5+ Qxe5 38. Rxe5 Bxh4 39. Ra1 Bf6 40. Re2 Bd4 1/2-1/2

[Event "GER-ch 94th"]
[Site "Ostfildern"]
[Date "2023.08.19"]
[Round "8"]
[White "Schulz, Lukas"]
[Black "Ehmann, Thilo"]
[Result "1/2-1/2"]
[WhiteElo "2347"]
[BlackElo "2402"]
[PlyCount "84"]
[EventDate "2023.08.14"]
[EventType "swiss"]
[EventRounds "9"]
[EventCountry "GER"]
[SourceTitle "CBM 215 Extra"]
[Source "ChessBase"]
[SourceDate "2023.09.30"]
[SourceVersion "1"]
[SourceVersionDate "2023.09.30"]
[SourceQuality "1"]

1. e4 c5 2. Nf3 d6 3. Be2 Nf6 4. Nc3 e5 5. 0-0 Be7 6. d3 Nc6 7. Nd2 Be6 8. Nc4 d5 9. exd5 Nxd5 10. Nxd5 Bxd5 11. Bf3 0-0 12. Re1 f6 13. c3 Kh8 14. Bd2 Qd7 15. Bxd5 Qxd5 16. Re3 b5 17. Na3 c4 18. dxc4 bxc4 19. Be1 Qxd1 20. Rxd1 Bxa3 21. bxa3 Rfd8 22. Rxd8+ Nxd8 23. Re4 Rc8 24. f4 Nf7 25. fxe5 fxe5 26. Bf2 a6 27. Kf1 Kg8 28. Re1 Kf8 29. Rb1 Rc6 30. a4 Ke7 31. Rb7+ Kf6 32. a5 Nd6 33. Rb6 Rxb6 34. axb6 Ke6 35. Ke2 Kd5 36. Bg3 g6 37. Kf3 h5 38. h3 Ke6 39. Bf2 Kd5 40. g4 hxg4+ 41. Kxg4 Kc6 42. Kf3 Nb5 1/2-1/2

[Event "GER-ch 94th"]
[Site "Ostfildern"]
[Date "2023.08.17"]
[Round "5"]
[White "Schulz, Lukas"]
[Black "Meister, Jakob"]
[Result "0-1"]
[WhiteElo "2347"]
[BlackElo "2439"]
[PlyCount "84"]
[EventDate "2023.08.14"]
[EventType "swiss"]
[EventRounds "9"]
[EventCountry "GER"]
[SourceTitle "CBM 215 Extra"]
[Source "ChessBase"]
[SourceDate "2023.09.30"]
[SourceVersion "1"]
[SourceVersionDate "2023.09.30"]
[SourceQuality "1"]

1. e4 e5 2. f4 exf4 3. Nf3 Nf6 4. Nc3 d5 5. exd5 Nxd5 6. Nxd5 Qxd5 7. d4 Bd6 8. c4 Qe6+ 9. Be2 Qf6 10. c5 Be7 11. Qd2 Nc6 12. Qxf4 Qxf4 13. Bxf4 Nb4 14. Bxc7 Nc2+ 15. Kd2 Nxa1 16. Rxa1 0-0 17. Bc4 Be6 18. Bxe6 fxe6 19. Re1 Rac8 20. Bg3 Rfd8 21. b4 Bf6 22. Kd3 Kf7 23. Bd6 Rc6 24. Ne5+ Bxe5 25. dxe5 Ra6 26. Re2 b5 27. Kc3 Ke8 28. Rf2 Kd7 29. Rf7+ Kc6 30. Rc7+ Kd5 31. Kb3 Ra4 32. Rb7 a5 33. bxa5 Rxa5 34. Rxg7 Rda8 35. Rxh7 Rxa2 36. g4 Rg2 37. h3 Ra4 38. c6 Rg3+ 39. Kc2 Rf4 40. Kd2 Rf2+ 41. Ke1 Ra2 42. Kf1 Rb3 0-1

[Event "Millennium Masters 2nd"]
[Site "Rosenheim"]
[Date "2023.04.06"]
[Round "4"]
[White "Schulz, Lukas"]
[Black "Kolb, Tobias"]
[Result "1-0"]
[WhiteElo "2384"]
[BlackElo "2371"]
[PlyCount "93"]
[EventDate "2023.04.03"]
[EventType "tourn"]
[EventRounds "9"]
[EventCountry "GER"]
[EventCategory "4"]
[SourceTitle "CBM 213 Extra"]
[Source "ChessBase"]
[SourceDate "2023.05.31"]
[SourceVersion "1"]
[SourceVersionDate "2023.05.31"]
[SourceQuality "1"]

1. e4 c6 2. Nc3 d5 3. g3 e5 4. Bg2 Nf6 5. d4 Nxe4 6. dxe5 Bb4 7. Nge2 Qe7 8. 0-0 Qxe5 9. Bf4 Qh5 10. Nxe4 dxe4 11. Qd4 0-0 12. Qxb4 Qxe2 13. Rfe1 Qb5 14. Qxe4 Be6 15. Bf1 Qd5 16. Qb4 c5 17. Qa3 Nc6 18. Bg2 Qc4 19. Bd6 Nd4 20. Qxc5 Qxc5 21. Bxc5 Nxc2 22. Rxe6 Nxa1 23. Re1 Nc2 24. Rc1 Rfd8 25. Rxc2 Rd1+ 26. Bf1 Rc8 27. Rc3 Rd2 28. Bxa7 Rxc3 29. bxc3 Rxa2 30. Bd4 Rb2 31. Kg2 Kf8 32. Kf3 f6 33. Bd3 Kf7 34. h4 g6 35. Bc4+ Ke7 36. Bc5+ Ke8 37. Ke4 b6 38. Bd4 Ke7 39. Kd5 Kd7 40. Bd3 Rd2 41. Bb5+ Kc7 42. Ke6 f5 43. Kf6 Rb2 44. c4 Rd2 45. Be5+ Kd8 46. Kg7 Rxf2 47. Kxh7 1-0

[Event "Millennium Masters 2nd"]
[Site "Rosenheim"]
[Date "2023.04.04"]
[Round "2"]
[White "Schulz, Lukas"]
[Black "Yelisieiev, Yevhenii"]
[Result "0-1"]
[WhiteElo "2384"]
[BlackElo "2402"]
[PlyCount "114"]
[EventDate "2023.04.03"]
[EventType "tourn"]
[EventRounds "9"]
[EventCountry "GER"]
[EventCategory "4"]
[SourceTitle "CBM 213 Extra"]
[Source "ChessBase"]
[SourceDate "2023.05.31"]
[SourceVersion "1"]
[SourceVersionDate "2023.05.31"]
[SourceQuality "1"]

1. e4 c5 2. Nf3 Nc6 3. Bb5 e6 4. 0-0 Nge7 5. Re1 a6 6. Bf1 b6 7. d4 cxd4 8. Nxd4 e5 9. Nb3 g6 10. Bg5 Bg7 11. Nc3 0-0 12. Qd6 h6 13. Be3 f5 14. f3 Kh7 15. Rad1 Rf6 16. Qd2 d6 17. a4 Rb8 18. Bf2 Qc7 19. Bh4 g5 20. Bf2 f4 21. Nd5 Nxd5 22. exd5 Ne7 23. Bd3+ Kh8 24. Qe2 Bd7 25. Nd2 Rff8 26. Bxa6 Bxa4 27. b3 Be8 28. Qc4 Qd8 29. Ne4 b5 30. Qb4 Nf5 31. Ra1 Ne3 32. Bxe3 fxe3 33. Qxd6 Qxd6 34. Nxd6 e4 35. Rad1 exf3 36. gxf3 Bh5 37. Rxe3 Rb6 38. Bxb5 Rxd6 39. Kg2 g4 40. fxg4 Bxg4 41. Be2 Bxe2 42. Rxe2 Bc3 43. Rd3 Rc8 44. Ree3 Bb4 45. c3 Rg6+ 46. Kh3 Bd6 47. c4 Kg7 48. Rf3 Rg5 49. Rd2 Re8 50. Rg2 Re4 51. Rc3 Kf6 52. Rxg5 hxg5 53. c5 Be5 54. Rd3 Re2 55. d6 Kf5 56. Rf3+ Bf4 57. Rg3 g4+ 0-1

[Event "GER-ch 93rd"]
[Site "Magdeburg"]
[Date "2022.08.17"]
[Round "5"]
[White "Schulz, Lukas"]
[Black "Krastev, Alexander"]
[Result "0-1"]
[WhiteElo "2271"]
[BlackElo "2428"]
[PlyCount "62"]
[EventDate "2022.08.14"]
[EventType "swiss"]
[EventRounds "9"]
[EventCountry "GER"]
[SourceTitle "CBM 209 Extra"]
[Source "ChessBase"]
[SourceDate "2022.09.30"]
[SourceVersion "1"]
[SourceVersionDate "2022.09.30"]
[SourceQuality "1"]

1. e4 c5 2. Be2 Nc6 3. f4 g6 4. Nf3 Bg7 5. 0-0 d6 6. Nc3 e6 7. d3 Nge7 8. Qe1 0-0 9. Qh4 Nd4 10. Nxd4 cxd4 11. Nd1 Bd7 12. Nf2 Rc8 13. Bd1 f5 14. Bd2 Bf6 15. Qh3 Qb6 16. Rb1 h5 17. g3 Bg7 18. Qg2 Rc5 19. b3 Rfc8 20. Rc1 R5c7 21. h3 fxe4 22. dxe4 d5 23. Kh2 dxe4 24. Nxe4 Bc6 25. Re1 Bd5 26. g4 hxg4 27. hxg4 g5 28. Qh3 Bxe4 29. Rxe4 gxf4 30. Bxf4 e5 31. Bg5 Qg6 0-1

[Event "GER-ch 93rd"]
[Site "Magdeburg"]
[Date "2022.08.15"]
[Round "2"]
[White "Braun, Georg"]
[Black "Schulz, Lukas"]
[Result "0-1"]
[WhiteElo "2398"]
[BlackElo "2271"]
[PlyCount "90"]
[EventDate "2022.08.14"]
[EventType "swiss"]
[EventRounds "9"]
[EventCountry "GER"]
[SourceTitle "CBM 209 Extra"]
[Source "ChessBase"]
[SourceDate "2022.09.30"]
[SourceVersion "1"]
[SourceVersionDate "2022.09.30"]
[SourceQuality "1"]

1. Nf3 Nf6 2. b3 g6 3. Bb2 Bg7 4. g3 0-0 5. Bg2 d6 6. d4 Nbd7 7. 0-0 Re8 8. c4 e5 9. dxe5 dxe5 10. Nxe5 Nxe5 11. Qxd8 Rxd8 12. Bxe5 Re8 13. Bd4 c5 14. Bc3 Rxe2 15. Na3 Re7 16. Nb5 Ne8 17. Rfe1 Be6 18. Bxg7 Kxg7 19. Rad1 Nf6 20. Re5 a6 21. Nc3 Rc7 22. Re3 Rb8 23. a4 b6 24. Rd6 Rd7 25. Rxd7 Bxd7 26. Rd3 Re8 27. Kf1 Bf5 28. Rd6 Bc2 29. Bf3 Bxb3 30. Be2 Re6 31. Rd8 Ne4 32. Nxe4 Rxe4 33. f3 Rd4 34. Rb8 Bxc4 35. Bxc4 Rxc4 36. Rxb6 Rxa4 37. Rc6 c4 38. h4 a5 39. g4 Rb4 40. Ra6 a4 41. Ke2 c3 42. Rc6 a3 43. Ra6 Rb2+ 44. Ke3 a2 45. g5 c2 0-1

[Event "BL2-Ost 2122"]
[Site "Germany"]
[Date "2022.07.03"]
[Round "10.4"]
[White "Schulz, Lukas"]
[Black "Mertens, Fridolin"]
[Result "0-1"]
[WhiteElo "2286"]
[BlackElo "2113"]
[PlyCount "110"]
[EventDate "2022.03.05"]
[EventType "team-tourn"]
[EventRounds "10"]
[EventCountry "GER"]
[SourceTitle "EXT 2023"]
[Source "ChessBase"]
[SourceDate "2022.10.05"]
[SourceVersion "1"]
[SourceVersionDate "2022.10.05"]
[SourceQuality "1"]
[WhiteTeam "Erlangen"]
[BlackTeam "Loeberitz"]
[WhiteTeamCountry "GER"]
[BlackTeamCountry "GER"]

1. e4 c5 2. Nf3 d6 3. d4 cxd4 4. Nxd4 Nf6 5. Nc3 a6 6. h3 e5 7. Nde2 h5 8. Be3 Be6 9. Nd5 Bxd5 10. exd5 Nbd7 11. c4 g6 12. Nc3 Bh6 13. Bxh6 Rxh6 14. Qd2 Rh8 15. Be2 Kf8 16. 0-0 Kg7 17. f4 exf4 18. Rxf4 Qb6+ 19. Kh1 Rae8 20. Raf1 Re5 21. Bd3 Rhe8 22. Bb1 R8e7 23. Na4 Qc7 24. Qd4 b5 25. cxb5 Nxd5 26. R4f3 axb5 27. Nc3 Nxc3 28. Rxc3 Qb6 29. Qxb6 Nxb6 30. Bd3 Nd5 31. Rb3 b4 32. Rf2 Ra7 33. Bc4 Rxa2 34. Rxf7+ Kxf7 35. Rf3+ Ke6 36. Bxa2 Re1+ 37. Kh2 Ke5 38. Rf8 Ne3 39. Re8+ Kd4 40. Rb8 Re2 41. Rxb4+ Ke5 42. Rb7 Rxg2+ 43. Kh1 d5 44. Bb3 Rg3 45. Ba4 Rxh3+ 46. Kg1 g5 47. b4 Kd4 48. b5 Rf3 49. b6 Rf1+ 50. Kh2 h4 51. Rh7 Rb1 52. b7 g4 53. Rxh4 Rb2+ 54. Kg1 Rxb7 55. Be8 Ke4 0-1

[Event "Bayern-ch 92th"]
[Site "Lichtenfels"]
[Date "2021.08.22"]
[Round "1"]
[White "Bunk, Wolfgang"]
[Black "Schulz, Lukas"]
[Result "0-1"]
[WhiteElo "2025"]
[BlackElo "2274"]
[PlyCount "90"]
[EventDate "2021.08.22"]
[EventType "swiss"]
[EventRounds "9"]
[EventCountry "GER"]
[SourceTitle "EXT 2023"]
[Source "ChessBase"]
[SourceDate "2022.10.05"]
[SourceVersion "1"]
[SourceVersionDate "2022.10.05"]
[SourceQuality "1"]

1. d4 Nf6 2. c4 g6 3. Nc3 Bg7 4. e4 d6 5. Nf3 0-0 6. Be2 e5 7. Be3 Nc6 8. 0-0 Bg4 9. d5 Ne7 10. Nd2 Bd7 11. c5 Ne8 12. Nc4 f5 13. f3 f4 14. Bf2 Kh8 15. Qb3 b6 16. c6 Bc8 17. a4 a5 18. Na3 g5 19. Rfb1 h5 20. Qd1 Bh6 21. b4 axb4 22. Rxb4 Rg8 23. Nc4 Nf6 24. a5 bxa5 25. Rxa5 Rxa5 26. Nxa5 g4 27. Kh1 g3 28. Bg1 Ng6 29. Rb8 Nh4 30. Bf1 Qe7 31. Nb5 Nxe4 32. fxe4 f3 33. Na7 Bh3 34. Rxg8+ Kxg8 35. hxg3 fxg2+ 36. Bxg2 Bxg2+ 37. Kh2 Bxe4 38. Qxh5 Nf3+ 39. Kg2 Ng5+ 40. Kf1 Qf6+ 41. Bf2 Bxd5 42. Nc8 Kf8 43. Qh4 Kg7 44. g4 Qf3 45. Ne7 Qd3+ 0-1

[Event "GER-ch 37th"]
[Site "Magdeburg"]
[Date "2019.05.28"]
[Round "3"]
[White "Paul, Johannes"]
[Black "Schulz, Lukas"]
[Result "1-0"]
[WhiteElo "2364"]
[BlackElo "2302"]
[PlyCount "71"]
[EventDate "2019.05.26"]
[EventType "swiss"]
[EventRounds "9"]
[EventCountry "GER"]
[SourceTitle "CBM 190 Extra"]
[Source "ChessBase"]
[SourceDate "2019.07.15"]
[SourceVersion "1"]
[SourceVersionDate "2019.07.15"]
[SourceQuality "1"]

1. d4 Nf6 2. c4 g6 3. Nc3 Bg7 4. e4 d6 5. Nf3 0-0 6. Be2 e5 7. 0-0 exd4 8. Nxd4 Re8 9. f3 c6 10. Kh1 d5 11. cxd5 cxd5 12. Bg5 dxe4 13. Ndb5 Nbd7 14. fxe4 Qb6 15. Nd6 Re6 16. Nc4 Qc5 17. e5 Nxe5 18. Rxf6 Nxc4 19. Bxc4 Qxg5 20. Qd8+ Bf8 21. Bxe6 Bxe6 22. Rxg6+ Qxg6 23. Qxa8 Bd7 24. Qb8 Bc6 25. Qg3 Qxg3 26. hxg3 Bd6 27. Kh2 h5 28. Rd1 Be5 29. Nd5 Kg7 30. Ne7 Be8 31. Rd8 Kf8 32. Nf5 Bc7 33. Rc8 Be5 34. Kh3 Bxb2 35. Nd6 Ke7 36. Nxe8 1-0

[Event "Oberliga Bayern 1819"]
[Site "Bayern"]
[Date "2018.11.11"]
[Round "2.4"]
[White "Schulz, Lukas"]
[Black "Goldbeck, Lars"]
[Result "1-0"]
[WhiteElo "2304"]
[BlackElo "2184"]
[PlyCount "97"]
[EventDate "2018.10.21"]
[EventType "team-tourn"]
[EventRounds "9"]
[EventCountry "GER"]
[SourceTitle "EXT 2020"]
[Source "ChessBase"]
[SourceDate "2019.10.17"]
[SourceVersion "1"]
[SourceVersionDate "2019.10.17"]
[SourceQuality "1"]
[WhiteTeam "Erlangen SC"]
[BlackTeam "Regensburg Bavaria"]
[WhiteTeamCountry "GER"]
[BlackTeamCountry "GER"]

1. e4 c5 2. Nf3 d6 3. d4 Nf6 4. Nc3 cxd4 5. Nxd4 a6 6. h3 e5 7. Nde2 h5 8. Be3 Be7 9. Nd5 Nxd5 10. Qxd5 Nd7 11. Nc3 Nf6 12. Qb3 b5 13. Bd3 Be6 14. Nd5 Bxd5 15. exd5 Nd7 16. a4 Bg5 17. Bxg5 Qxg5 18. 0-0 Nc5 19. Qb4 0-0 20. axb5 Rab8 21. Be2 e4 22. Qd4 axb5 23. b4 Nd7 24. Ra6 Qe7 25. Rfa1 Nf6 26. R1a5 Rfc8 27. Rc6 e3 28. Qxe3 Qxe3 29. fxe3 Nxd5 30. Rxb5 Rxc6 31. Rxb8+ Kh7 32. Bf3 Rb6 33. Rxb6 Nxb6 34. Bxh5 g6 35. Bf3 Kg7 36. Kf2 Kf6 37. Ke2 Ke5 38. Kd3 d5 39. g3 f5 40. g4 fxg4 41. Bxg4 g5 42. Bf3 Na4 43. Kd2 Nb6 44. Kc3 Na4+ 45. Kb3 Nb6 46. c3 Kd6 47. Be2 Ke5 48. Bd3 Kd6 49. e4 1-0